Saline minerals of the Green River formation ; (Record no. 29627)
[ view plain ]
| 000 -LEADER | |
|---|---|
| fixed length control field | 01055cam a22002411i 4500 |
| 001 - CONTROL NUMBER | |
| control field | gs 62000204 |
| 003 - CONTROL NUMBER IDENTIFIER | |
| control field | DLC |
| 005 - DATE AND TIME OF LATEST TRANSACTION | |
| control field | 20260227111411.0 |
| 008 - FIXED-LENGTH DATA ELEMENTS--GENERAL INFORMATION | |
| fixed length control field | 780317s1962 dcuabd b f000 0 eng |
| 010 ## - LIBRARY OF CONGRESS CONTROL NUMBER | |
| LC control number | gs 62000204 |
| 035 ## - SYSTEM CONTROL NUMBER | |
| System control number | (OCoLC)3727267 |
| 040 ## - CATALOGING SOURCE | |
| Original cataloging agency | DLC |
| Transcribing agency | OClU |
| Modifying agency | ISS |
| -- | OCoLC |
| -- | DLC |
| 050 00 - LIBRARY OF CONGRESS CALL NUMBER | |
| Classification number | QE75 |
| Item number | .P9 no. 405 |
| 086 0# - GOVERNMENT DOCUMENT CLASSIFICATION NUMBER | |
| Classification number | I 19.16:405 |
| 100 1# - MAIN ENTRY--PERSONAL NAME | |
| Personal name | Fahey, Joseph J. |
| Fuller form of name | (Joseph John), |
| Dates associated with a name | 1901- |
| 245 10 - TITLE STATEMENT | |
| Title | Saline minerals of the Green River formation ; |
| Remainder of title | a study of the mode of occurrence of the saline minerals, their paragenetic relationship, and the economic importance of the trona. / |
| Statement of responsibility, etc. | With a section on X-ray powder data for saline minerals of the Green River formation, by Mary E. Mrose. |
| 260 ## - PUBLICATION, DISTRIBUTION, ETC. | |
| Place of publication, distribution, etc. | Washington : |
| Name of publisher, distributor, etc. | U.S. Govt. Print. Off., |
| Date of publication, distribution, etc. | 1962. |
| 300 ## - PHYSICAL DESCRIPTION | |
| Extent | v, 50 p. : |
| Other physical details | ill., map, diagrs., tables. ; |
| Dimensions | 29 cm. |
| 410 20 - SERIES STATEMENT/ADDED ENTRY--CORPORATE NAME [OBSOLETE, CAN/MARC], [LOCAL, USA] | |
| Corporate name or jurisdiction name as entry element | Geological Survey (U.S.). |
| Title of a work | Professional paper ; |
| Volume number/sequential designation | 405 |
| 504 ## - BIBLIOGRAPHY, ETC. NOTE | |
| Bibliography, etc. note | Bibliography : p. 50. |
| 650 #0 - SUBJECT ADDED ENTRY--TOPICAL TERM | |
| Topical term or geographic name entry element | Mineralogy |
| Geographic subdivision | Green River Formation. |
| 650 #0 - SUBJECT ADDED ENTRY--TOPICAL TERM | |
| Topical term or geographic name entry element | Mines and mineral resources |
| Geographic subdivision | Green River Formation. |
No items available.